000 00707nam a2200265Ia 4500
003 OSt
005 20220912151408.0
006 a|||||r|||| 00| 0
007 ta
008 220909b |||||||| |||| 00| 0 eng d
024 _a39252
037 _cTextual
040 _aCSL
_beng
_cCSL
041 _aeng
082 _aB316, L16
100 _aMedrano S Lopez
245 0 _aInvolutions on manifolds
260 _aNew York
_b Springer-Verlag
_c1971
300 _aix, 102p.
_ccm.
490 _aErgebnisse der mathematik und ihrer grenzgebiete; 59
650 _a Topology
650 _aMathematics
942 _hB316, L16
_cTEXL
_2CC
999 _c67513
_d67513